| 000 | 01567nam0a2200409 4500 | ||
|---|---|---|---|
| 001 | RU\NLR\bibl\173033 | ||
| 005 | 20250618060844.0 | ||
| 010 |
_a5-7107-2885-3 _915000 |
||
| 021 |
_aRU _b2001-19551 _9919 |
||
| 035 | _a(NLR Aleph) 000169805 | ||
| 090 |
_a978343 _c978343 |
||
| 100 | _a20010716d2000 |||y0rusy50 ca | ||
| 101 | 0 |
_aeng _arus _eeng _erus |
|
| 102 |
_aGB _aRU |
||
| 105 | _aaeb ||||||||| | ||
| 200 | 1 |
_aCambridge English for schools in Russia _eУчеб. англ. яз. _eУровень 2 _fЭндрю Литтлджон, Диана Хикс _gПод ред. О. Виноградовой |
|
| 205 | _a2-е изд. | ||
| 210 |
_aCambridge etc. _cCambridge univ. press _aМ. _cДрофа _d2000 |
||
| 215 |
_a176 с. _cил., цв. ил., цв. карт. _d28 |
||
| 300 | _aНа обл. авт.: Andrew Littlejohn, Diana Hicks | ||
| 512 | 1 |
_6z01790 _aCambridge English for schools in Russia |
|
| 606 | 0 |
_aАнглийский язык _jУчебные издания _9972309 _3RU\NLR\auth\6646032 |
|
| 610 | 0 | _aАнглийский язык | |
| 675 |
_a373.167.1:811.111+811.111(075.3) _v3 _zrus |
||
| 686 |
_a14.25 _2rugasnti |
||
| 686 |
_a81.2Англ-922 _2rubbk |
||
| 686 | _aШ143.21-93рус221 | ||
| 700 | 1 |
_aЛиттлджон _bЭ. _gЭндрю _4070 |
|
| 701 | 1 |
_aХикс _bД. _gДиана _4070 |
|
| 790 | 1 |
_6z01 _aLittlejohn _bA. _gAndrew _4070 |
|
| 790 | 1 |
_6z01 _aHicks _bD. _gDiana _4070 |
|
| 801 | 0 |
_aRU _bRKP _c20010716 _gPSBO |
|
| 801 | 1 |
_aRU _bRKP _c20010716 |
|
| 801 | 2 |
_aRU _bNLR _c20050330 _grcr |
|
| 942 | _cBOOK | ||
| 980 | _aNB | ||